[Event "Albena Masters op"]
[Site "Albena"]
[Date "2012.05.28"]
[Round "3"]
[White "Arngrimsson, Dagur"]
[Black "Bucher, Michael"]
[Result "1/2-1/2"]
[WhiteElo "2381"]
[BlackElo "2215"]
[PlyCount "49"]
[EventDate "2012.05.26"]
[EventType "swiss"]
[EventRounds "9"]
[EventCountry "BUL"]
[SourceTitle "CBM 148 Extra"]
[Source "ChessBase"]
[SourceDate "2012.06.22"]
[SourceVersion "1"]
[SourceVersionDate "2012.06.22"]
[SourceQuality "1"]

1. Nf3 d5 2. g3 Nf6 3. Bg2 Bg4 4. 0-0 c6 5. d3 Nbd7 6. Nbd2 e5 7. e4 dxe4 8. dxe4 Bc5 9. h3 Bh5 10. Qe1 0-0 11. Nc4 Re8 12. b4 Bf8 13. Bb2 Bxf3 14. Bxf3 Qe7 15. g4 Qe6 16. Ne3 Nb6 17. a4 Nc4 18. Bc3 Nd7 19. Rb1 Ndb6 20. a5 Nxe3 21. Qxe3 Nc4 22. Qe2 b5 23. Rfd1 Red8 24. Rd3 a6 25. Bg2 1/2-1/2

[Event "Lenk op 22nd"]
[Site "Lenk"]
[Date "2010.04.02"]
[Round "3"]
[White "Belezky, Alexander"]
[Black "Bucher, Michael"]
[Result "1/2-1/2"]
[WhiteElo "2452"]
[BlackElo "2252"]
[PlyCount "33"]
[EventDate "2010.04.01"]
[EventType "swiss"]
[EventRounds "7"]
[EventCountry "SUI"]
[SourceTitle "CBM 135 Extra"]
[Source "ChessBase"]
[SourceDate "2010.05.04"]
[SourceVersion "1"]
[SourceVersionDate "2010.05.04"]
[SourceQuality "1"]

1. Nf3 d5 2. g3 Nf6 3. Bg2 c6 4. b3 Bg4 5. Bb2 Nbd7 6. d3 e6 7. Nbd2 Bc5 8. 0-0 0-0 9. c4 Bh5 10. a3 a5 11. Ra2 Re8 12. Qa1 h6 13. d4 Be7 14. Re1 Bg6 15. Bc3 Ne4 16. Nxe4 Bxe4 17. c5 1/2-1/2

[Event "Lenk op 21st"]
[Site "Lenk"]
[Date "2009.04.11"]
[Round "5"]
[White "Jenni, Florian"]
[Black "Bucher, Michael"]
[Result "1-0"]
[WhiteElo "2516"]
[BlackElo "2258"]
[PlyCount "55"]
[EventDate "2009.04.09"]
[EventType "swiss"]
[EventRounds "7"]
[EventCountry "SUI"]
[SourceTitle "CBM 130 Extra"]
[Source "ChessBase"]
[SourceDate "2009.07.02"]
[SourceVersion "2"]
[SourceVersionDate "2009.07.15"]
[SourceQuality "1"]

1. e4 c6 2. d4 d5 3. e5 Bf5 4. c3 e6 5. Be2 c5 6. Nf3 Nd7 7. 0-0 Ne7 8. Nh4 Bg6 9. Nd2 Nf5 10. Nxf5 Bxf5 11. g4 Bg6 12. f4 h5 13. f5 exf5 14. gxf5 Qg5+ 15. Kh1 Bxf5 16. Nf3 Qd8 17. Ng5 Bg6 18. Bd3 Rh6 19. Nxf7 Bxf7 20. Bxh6 gxh6 21. Rxf7 Kxf7 22. Qxh5+ Kg8 23. Qg6+ Bg7 24. Qh7+ Kf8 25. Rf1+ Nf6 26. exf6 Bxf6 27. Bg6 Qe7 28. Qh8# 1-0

[Event "Zuerich op-A 31th"]
[Site "Zuerich"]
[Date "2007.12.28"]
[Round "4"]
[White "Bucher, Michael"]
[Black "Aerni, Andreas"]
[Result "1/2-1/2"]
[WhiteElo "2346"]
[BlackElo "2049"]
[PlyCount "76"]
[EventDate "2007.12.26"]
[EventType "swiss"]
[EventRounds "7"]
[EventCountry "SUI"]
[SourceTitle "CBM 122 Extra"]
[Source "ChessBase"]
[SourceDate "2008.03.04"]
[SourceVersion "1"]
[SourceVersionDate "2008.03.04"]
[SourceQuality "1"]

1. d4 d5 2. Nf3 Nf6 3. c4 dxc4 4. e3 e6 5. Bxc4 c5 6. 0-0 a6 7. a4 Nc6 8. Nc3 Be7 9. Re1 0-0 10. h3 b6 11. d5 Na5 12. Ba2 exd5 13. Nxd5 Bb7 14. Nxe7+ Qxe7 15. Bd2 Rfd8 16. Qe2 Nc6 17. Ng5 Rf8 18. Bc3 h6 19. Bxf6 Qxf6 20. Ne4 Qe5 21. Nc3 Nb4 22. Bc4 Rad8 23. Rad1 Qf6 24. e4 Rfe8 25. e5 Qg6 26. f4 Qc2 27. Rxd8 Rxd8 28. e6 fxe6 29. Qg4 Qd2 30. Bxe6+ Kh8 31. Re2 Qc1+ 32. Kh2 Nd3 33. f5 Qf4+ 34. Qg3 Bc6 35. h4 Rd4 36. h5 Qxg3+ 37. Kxg3 Nf4 38. Re5 Nxh5+ 1/2-1/2

[Event "Zuerich op-A 31th"]
[Site "Zuerich"]
[Date "2007.12.27"]
[Round "3"]
[White "Benkovic, Petar"]
[Black "Bucher, Michael"]
[Result "1-0"]
[WhiteElo "2469"]
[BlackElo "2346"]
[PlyCount "155"]
[EventDate "2007.12.26"]
[EventType "swiss"]
[EventRounds "7"]
[EventCountry "SUI"]
[SourceTitle "CBM 122 Extra"]
[Source "ChessBase"]
[SourceDate "2008.03.04"]
[SourceVersion "1"]
[SourceVersionDate "2008.03.04"]
[SourceQuality "1"]

1. Nf3 d5 2. d4 Nf6 3. c4 c6 4. Nc3 e6 5. cxd5 exd5 6. Bg5 Nbd7 7. e3 Qa5 8. Nd2 Bb4 9. Qc2 0-0 10. Nb3 Qb6 11. Bd3 h6 12. Bh4 a5 13. a3 Bd6 14. Bg3 Bxg3 15. hxg3 Re8 16. 0-0 Qd8 17. Nd2 Nf8 18. b4 axb4 19. axb4 Rxa1 20. Rxa1 Ng4 21. b5 Ne6 22. bxc6 bxc6 23. Bh7+ Kh8 24. Bf5 h5 25. Nf3 Qf6 26. Ra8 Bd7 27. Rxe8+ Bxe8 28. Ne2 Ng5 29. Bxg4 hxg4 30. Nxg5 Qxg5 31. Nf4 Bd7 32. Qb3 Qf5 33. Nd3 g5 34. Ne5 Kg7 35. Qb7 Bc8 36. Qb2 Bd7 37. Qb3 Be8 38. Nd3 Bd7 39. Nc5 Bc8 40. Kf1 Qh7 41. Kg1 Qf5 42. Qd1 Qh7 43. Nd3 Qf5 44. Nb4 Bd7 45. Qc1 Be8 46. Na6 Bd7 47. Nc5 Bc8 48. Qb2 Bd7 49. Qe2 Bc8 50. Qd3 Qf6 51. Qb1 Be6 52. Kf1 Bf5 53. Qb8 Qg6 54. Ke2 Bb1 55. Qb2 Be4 56. Kf1 Bd3+ 57. Kg1 Bf5 58. Qb8 Be6 59. Qe5+ Kg8 60. e4 Kh7 61. f3 gxf3 62. gxf3 dxe4 63. Nxe4 Bf5 64. Nf6+ Kh6 65. g4 Be6 66. Ne4 Bd5 67. Ng3 Qb1+ 68. Kg2 Kg6 69. Nf5 Bxf3+ 70. Kxf3 Qf1+ 71. Ke3 Qc1+ 72. Kd3 Qd1+ 73. Kc4 Qxg4 74. Ne7+ Kh7 75. Nxc6 f5 76. Qe7+ Kg8 77. Qe6+ Kh8 78. Ne7 1-0

[Event "Verbandsliga Sued Baden 0708"]
[Site "Germany"]
[Date "2007.10.28"]
[Round "2.2"]
[White "Bucher, Michael"]
[Black "Schuh, Hubert"]
[Result "1/2-1/2"]
[WhiteElo "2273"]
[BlackElo "2268"]
[PlyCount "47"]
[EventDate "2007.10.14"]
[EventType "team"]
[EventRounds "9"]
[EventCountry "GER"]
[SourceTitle "EXT 2009"]
[Source "ChessBase"]
[SourceDate "2008.11.26"]
[SourceVersion "1"]
[SourceVersionDate "2008.11.26"]
[SourceQuality "1"]
[WhiteTeam "Engen"]
[BlackTeam "Kuppenheim"]
[WhiteTeamCountry "GER"]
[BlackTeamCountry "GER"]

1. d4 f5 2. Nf3 Nf6 3. g3 e6 4. Bg2 d5 5. 0-0 Bd6 6. c4 c6 7. Nc3 0-0 8. Qc2 Qe7 9. a3 Ne4 10. b4 Bd7 11. Ne5 Be8 12. f3 Nxc3 13. Qxc3 Nd7 14. Bd2 Bxe5 15. dxe5 dxc4 16. f4 Bh5 17. Kf2 Nb6 18. Be3 Rfd8 19. Bc5 Qe8 20. a4 Rd7 21. a5 Nd5 22. Qxc4 a6 23. Rfd1 h6 24. h4 1/2-1/2

[Event "Lenk op 19th"]
[Site "Lenk"]
[Date "2007.04.10"]
[Round "7"]
[White "Gaehler, Marco"]
[Black "Bucher, Michael"]
[Result "1/2-1/2"]
[WhiteElo "2223"]
[BlackElo "2334"]
[PlyCount "61"]
[EventDate "2007.04.05"]
[EventType "swiss"]
[EventRounds "7"]
[EventCountry "SUI"]
[SourceTitle "CBM 118 Extra"]
[Source "ChessBase"]
[SourceDate "2007.07.04"]
[SourceVersion "1"]
[SourceVersionDate "2007.07.04"]
[SourceQuality "1"]

1. e4 c6 2. d4 d5 3. e5 Bf5 4. Nf3 e6 5. Be2 Ne7 6. 0-0 h6 7. c4 dxc4 8. Bxc4 Nd7 9. Nc3 Nb6 10. Bb3 Ned5 11. Qe2 Be7 12. Ne4 0-0 13. Bd2 a5 14. a3 Qc7 15. Rac1 Rfd8 16. Kh1 Nd7 17. g4 Bxg4 18. Bxh6 gxh6 19. Rg1 h5 20. Qd2 Kf8 21. Rg3 Ke8 22. Qh6 Nf8 23. Qg7 Nf4 24. Nfg5 Bxg5 25. Qxg5 N8g6 26. Nf6+ Kf8 27. Qh6+ Ke7 28. Qg5 Kf8 29. Qh6+ Ke7 30. Qg5 Kf8 31. Qh6+ 1/2-1/2

[Event "Verbandsliga Sued Baden 0506"]
[Site "Germany"]
[Date "2006.05.07"]
[Round "9.2"]
[White "Scherer, Max"]
[Black "Bucher, Michael"]
[Result "1-0"]
[WhiteElo "2227"]
[BlackElo "2244"]
[PlyCount "73"]
[EventDate "2005.10.16"]
[EventType "team"]
[EventRounds "9"]
[EventCountry "GER"]
[SourceTitle "EXT 2007"]
[Source "ChessBase"]
[SourceDate "2006.11.23"]
[SourceVersion "1"]
[SourceVersionDate "2006.11.23"]
[SourceQuality "1"]
[WhiteTeam "Dreisamtal"]
[BlackTeam "Engen"]
[WhiteTeamCountry "GER"]
[BlackTeamCountry "GER"]

1. c4 c6 2. Nf3 d5 3. b3 Nf6 4. g3 Bg4 5. Ne5 Bf5 6. Bg2 e6 7. 0-0 Be7 8. d4 0-0 9. Nc3 Nbd7 10. Bb2 h6 11. Re1 Rc8 12. Nd3 Qb6 13. e4 dxe4 14. Nxe4 Rfd8 15. Qc2 c5 16. dxc5 Nxc5 17. Ndxc5 Rxc5 18. Qc3 Rc7 19. c5 Qb5 20. a4 Qd7 21. b4 a5 22. Rac1 Qxa4 23. Qe5 Rcd7 24. bxa5 Rd1 25. Nd6 Bxd6 26. cxd6 R1xd6 27. Bxb7 Rd2 28. Bc3 Rxf2 29. a6 Rxh2 30. Qa5 Qg4 31. Qxd8+ Kh7 32. Kxh2 Qh3+ 33. Kg1 Qxg3+ 34. Bg2 Be4 35. Rxe4 Nxe4 36. Qd4 f5 37. Qxg7+ 1-0

[Event "Zuerich op-A 29th"]
[Site "Zuerich"]
[Date "2005.12.29"]
[Round "6"]
[White "Ginsburg, Gennadij"]
[Black "Bucher, Michael"]
[Result "1-0"]
[WhiteElo "2513"]
[BlackElo "2146"]
[PlyCount "89"]
[EventDate "2005.12.26"]
[EventType "swiss"]
[EventRounds "7"]
[EventCountry "SUI"]
[SourceTitle "CBM 110 Extra"]
[Source "ChessBase"]
[SourceDate "2006.03.10"]
[SourceVersion "2"]
[SourceVersionDate "2006.03.10"]
[SourceQuality "1"]

1. e4 c6 2. d4 d5 3. Nd2 dxe4 4. Nxe4 Nd7 5. Ng5 Ngf6 6. Bd3 e6 7. N1f3 Bd6 8. Qe2 h6 9. Ne4 Nxe4 10. Qxe4 Nf6 11. Qe2 Qc7 12. Bd2 b6 13. 0-0-0 Bb7 14. Kb1 0-0-0 15. c4 c5 16. Bc3 Kb8 17. Rhe1 Ka8 18. g3 Rhe8 19. Bc2 Rc8 20. Ne5 cxd4 21. Rxd4 Bxe5 22. Qxe5 Qxe5 23. Rxe5 Ba6 24. b3 b5 25. cxb5 Bxb5 26. Kb2 Nd5 27. Ba5 Ba6 28. f4 Rc5 29. b4 Rb8 30. Bb3 Rcb5 31. f5 Nb6 32. Rxb5 Bxb5 33. Bxb6 axb6 34. fxe6 fxe6 35. Rd6 e5 36. Re6 Rf8 37. Rxb6 Bd3 38. Kc3 Ka7 39. Re6 e4 40. Bd5 Rf2 41. a4 Rxh2 42. b5 Rc2+ 43. Kb4 h5 44. Ka5 g5 45. Re8 1-0

[Event "SUI-ch int"]
[Site "Saas Almagell"]
[Date "2005.07.11"]
[Round "5"]
[White "Bucher, Michael"]
[Black "Baumgartner, Walter"]
[Result "1-0"]
[WhiteElo "2244"]
[BlackElo "2099"]
[PlyCount "75"]
[EventDate "2005.07.07"]
[EventType "swiss"]
[EventRounds "9"]
[EventCountry "SUI"]
[SourceTitle "CBM 107 Extra"]
[Source "ChessBase"]
[SourceDate "2005.09.01"]
[SourceVersion "1"]
[SourceVersionDate "2005.09.01"]
[SourceQuality "1"]

1. d4 Nf6 2. c4 e6 3. Nf3 b6 4. a3 Ba6 5. Qc2 Bb7 6. Nc3 d5 7. cxd5 exd5 8. g3 a6 9. Bg2 Bd6 10. 0-0 Nbd7 11. e4 Nxe4 12. Nxe4 dxe4 13. Ng5 Nf6 14. Nxe4 Nxe4 15. Bxe4 Bxe4 16. Qxe4+ Kf8 17. Bf4 Bxf4 18. Qxf4 h5 19. Rac1 Rh6 20. Rxc7 Rf6 21. Qe4 Qxc7 22. Qxa8+ Ke7 23. Qxa6 h4 24. Qe2+ Re6 25. Qd2 h3 26. d5 Re5 27. Qb4+ Qd6 28. Qh4+ f6 29. Qxh3 Qxd5 30. Qg4 g5 31. Qb4+ Qc5 32. Qd2 g4 33. Rd1 Kf7 34. Qd7+ Re7 35. Qxg4 Qc2 36. Rd7 Qc1+ 37. Qd1 Qxb2 38. Qh5+ 1-0

[Event "Zuerich op-A 28th"]
[Site "Zuerich"]
[Date "2004.12.??"]
[Round "7"]
[White "Bucher, Michael"]
[Black "Waffenschmidt, Joachim"]
[Result "1-0"]
[WhiteElo "2213"]
[BlackElo "2070"]
[PlyCount "57"]
[EventDate "2004.12.26"]
[EventType "swiss"]
[EventRounds "9"]
[EventCountry "SUI"]
[SourceTitle "EXT 2006"]
[Source "ChessBase"]
[SourceDate "2005.11.24"]
[SourceVersion "1"]
[SourceVersionDate "2005.11.24"]
[SourceQuality "1"]

1. d4 d5 2. Nf3 Nf6 3. c4 c6 4. Nc3 dxc4 5. a4 Bf5 6. e3 e6 7. Bxc4 Bb4 8. 0-0 Nbd7 9. Qe2 Bg6 10. Rd1 0-0 11. h3 Qe7 12. Bd2 e5 13. d5 Bxc3 14. Bxc3 Nxd5 15. Bxd5 cxd5 16. Rxd5 Be4 17. Rd2 Bc6 18. b3 Rac8 19. Bb2 Rfd8 20. Rad1 Re8 21. Rd6 e4 22. Nh2 Ne5 23. Ng4 Ng6 24. Qc4 Qf8 25. Qd4 h5 26. Nh6+ gxh6 27. Rxg6+ fxg6 28. Qh8+ Kf7 29. Qf6+ 1-0

[Event "Zuerich op-A 28th"]
[Site "Zuerich"]
[Date "2004.12.??"]
[Round "6"]
[White "Kelecevic, Nedeljko"]
[Black "Bucher, Michael"]
[Result "1-0"]
[WhiteElo "2393"]
[BlackElo "2213"]
[PlyCount "61"]
[EventDate "2004.12.26"]
[EventType "swiss"]
[EventRounds "9"]
[EventCountry "SUI"]
[SourceTitle "EXT 2006"]
[Source "ChessBase"]
[SourceDate "2005.11.24"]
[SourceVersion "1"]
[SourceVersionDate "2005.11.24"]
[SourceQuality "1"]

1. d4 Nf6 2. Nf3 e6 3. e3 d5 4. c4 c6 5. Bd3 Nbd7 6. Nbd2 Be7 7. 0-0 0-0 8. e4 dxe4 9. Nxe4 Nxe4 10. Bxe4 Nf6 11. Bc2 c5 12. Bf4 b6 13. dxc5 Bxc5 14. Qe2 Bb7 15. Rad1 Qc8 16. Ne5 Rd8 17. Rxd8+ Qxd8 18. Rd1 Qe8 19. a3 a5 20. Be3 Qe7 21. Nd3 Bxe3 22. Qxe3 Qc7 23. Ne5 Rc8 24. Rd2 h6 25. h3 Ba6 26. Qd4 b5 27. Qd6 Qb7 28. Nc6 Re8 29. Nxa5 Qc8 30. Nc6 Qb7 31. Nb4 1-0

[Event "Winterthur U20"]
[Site "Winterthur"]
[Date "2004.10.08"]
[Round "8"]
[White "Bucher, Michael"]
[Black "Benkovic, Petar"]
[Result "1-0"]
[WhiteElo "2213"]
[BlackElo "2430"]
[PlyCount "89"]
[EventDate "2004.10.01"]
[EventType "tourn"]
[EventRounds "9"]
[EventCountry "SUI"]
[EventCategory "5"]
[SourceTitle "CBM 102 Extra"]
[Source "ChessBase"]
[SourceDate "2004.11.03"]
[SourceVersion "1"]
[SourceVersionDate "2004.11.03"]
[SourceQuality "1"]

1. d4 Nf6 2. c4 e6 3. Nf3 b6 4. a3 c5 5. Nc3 cxd4 6. Nxd4 d6 7. e4 Bb7 8. Bd3 Nbd7 9. 0-0 Be7 10. Kh1 Nc5 11. Qe2 Nxd3 12. Qxd3 0-0 13. Bg5 a6 14. f4 Rc8 15. f5 Ng4 16. Bxe7 Qxe7 17. Qh3 Nf6 18. fxe6 fxe6 19. Nxe6 Rfe8 20. Nd4 Nxe4 21. Nf5 Qe5 22. Rad1 Rf8 23. Qg4 h5 24. Qg6 Nxc3 25. bxc3 Be4 26. Nh6+ Kh8 27. Nf7+ Rxf7 28. Qxf7 Qg5 29. Rf2 Kh7 30. Qe6 Bb7 31. Qxd6 Rxc4 32. Qd3+ Re4 33. Re1 Qg6 34. Rxe4 Bxe4 35. Qe3 b5 36. Qg3 Qc6 37. Qg5 Bg6 38. Qe5 Qd7 39. h3 Qd1+ 40. Kh2 Qd3 41. Rf8 a5 42. Rb8 b4 43. cxb4 h4 44. Rb7 Kh6 45. Qxg7+ 1-0

[Event "Winterthur U20"]
[Site "Winterthur"]
[Date "2004.10.05"]
[Round "5"]
[White "Bucher, Michael"]
[Black "Kuemin, Simon"]
[Result "1-0"]
[WhiteElo "2213"]
[BlackElo "2392"]
[PlyCount "39"]
[EventDate "2004.10.01"]
[EventType "tourn"]
[EventRounds "9"]
[EventCountry "SUI"]
[EventCategory "5"]
[SourceTitle "CBM 102 Extra"]
[Source "ChessBase"]
[SourceDate "2004.11.03"]
[SourceVersion "1"]
[SourceVersionDate "2004.11.03"]
[SourceQuality "1"]

1. d4 Nf6 2. Nf3 e6 3. c4 b6 4. a3 Ba6 5. Qc2 Bb7 6. Nc3 c5 7. e4 cxd4 8. Nxd4 d6 9. Be2 Be7 10. 0-0 0-0 11. Be3 a6 12. f4 Qc7 13. Kh1 Nbd7 14. Rad1 Rfe8 15. f5 Bf8 16. fxe6 fxe6 17. Bg5 b5 18. Bxf6 Nxf6 19. cxb5 Bxe4 20. Nxe4 1-0

[Event "Winterthur op"]
[Site "Winterthur"]
[Date "2003.10.11"]
[Round "9"]
[White "Sarakauskas, Gediminas"]
[Black "Bucher, Michael"]
[Result "1/2-1/2"]
[WhiteElo "2428"]
[BlackElo "2168"]
[PlyCount "132"]
[EventDate "2003.10.03"]
[EventType "swiss"]
[EventRounds "9"]
[EventCountry "SUI"]
[SourceTitle "CBM 096 Extra"]
[Source "ChessBase"]
[SourceDate "2003.10.22"]
[SourceVersion "2"]
[SourceVersionDate "2003.10.20"]
[SourceQuality "1"]

1. c4 c6 2. Nf3 Nf6 3. Nc3 d5 4. e3 e6 5. d4 Nbd7 6. Qc2 Be7 7. b3 0-0 8. Be2 b6 9. 0-0 Bb7 10. Bb2 Rc8 11. Rfd1 Qc7 12. Rac1 Qb8 13. Bd3 h6 14. Qe2 Rfd8 15. Bb1 c5 16. cxd5 Nxd5 17. Nxd5 Bxd5 18. Ba3 Bb7 19. Qc2 Nf6 20. dxc5 Rxd1+ 21. Qxd1 Bxc5 22. Bxc5 Rxc5 23. Rxc5 bxc5 24. Bd3 Bd5 25. Qc2 Bxf3 26. gxf3 Qe5 27. f4 Qh5 28. Bf1 Nd5 29. Be2 Qf5 30. Qxf5 exf5 31. Bd3 Nb4 32. Bb1 g6 33. Kf1 Nd5 34. a3 Kf8 35. Bd3 Ke7 36. Ke2 Nb6 37. Kd2 Kd6 38. Kc3 Kd5 39. Bf1 a5 40. Bb5 g5 41. Bd3 Ke6 42. Bc4+ Kf6 43. fxg5+ hxg5 44. f4 gxf4 45. exf4 Kg6 46. Be2 Kh6 47. Bf3 Kg6 48. Kd3 Kh6 49. Ke3 Kg6 50. Be2 Nc8 51. Kd3 Nb6 52. Kc3 Kh6 53. Bd3 Kg6 54. Bb1 Kf6 55. a4 Kg6 56. h4 Kh5 57. Bxf5 Kxh4 58. Kd3 Kg3 59. Ke4 c4 60. bxc4 Nxc4 61. Bd7 Nb6 62. Bc6 Kg4 63. f5 f6 64. Bb5 Kg5 65. Bc6 Kg4 66. Bb5 Kg5 1/2-1/2

[Event "Hamburg HSK Elo op 4th"]
[Site "Hamburg"]
[Date "2003.05.04"]
[Round "7"]
[White "Bucher, Michael"]
[Black "Schulz, Hans Juergen"]
[Result "1/2-1/2"]
[WhiteElo "2188"]
[BlackElo "2099"]
[PlyCount "62"]
[EventDate "2003.05.01"]
[EventType "swiss"]
[EventRounds "7"]
[EventCountry "GER"]
[SourceTitle "EXT 2019"]
[Source "ChessBase"]
[SourceDate "2018.10.10"]
[SourceVersion "1"]
[SourceVersionDate "2018.10.10"]
[SourceQuality "1"]

1. d4 d5 2. Nf3 c5 3. dxc5 Nc6 4. c3 e5 5. b4 a6 6. e3 e4 7. Nd4 Nf6 8. Nxc6 bxc6 9. Bb2 Be7 10. Be2 0-0 11. 0-0 Be6 12. Nd2 h6 13. Nb3 Nh7 14. Na5 Qd7 15. Qa4 Rfc8 16. Qc2 Ng5 17. c4 Bd8 18. Nb3 Bc7 19. Nd4 Bh3 20. f4 exf3 21. Bxf3 Nxf3+ 22. Nxf3 Bf5 23. Qc3 f6 24. cxd5 cxd5 25. Rad1 Be4 26. Nd2 Qg4 27. Nxe4 dxe4 28. Rd2 Rd8 29. Rff2 Rxd2 30. Rxd2 Bxh2+ 31. Kxh2 Qh4+ 1/2-1/2

[Event "SUI-chT"]
[Site "Switzerland"]
[Date "2003.04.13"]
[Round "3.7"]
[White "Bauert, Ralph"]
[Black "Bucher, Michael"]
[Result "1-0"]
[WhiteElo "2265"]
[BlackElo "2160"]
[PlyCount "85"]
[EventDate "2003.03.23"]
[EventType "team-tourn"]
[EventRounds "9"]
[EventCountry "SUI"]
[SourceTitle "EXT 2004"]
[Source "ChessBase"]
[SourceDate "2003.11.25"]
[SourceVersion "1"]
[SourceVersionDate "2003.11.25"]
[SourceQuality "1"]
[WhiteTeam "Wollishofen"]
[BlackTeam "Winterthur"]
[WhiteTeamCountry "SUI"]
[BlackTeamCountry "SUI"]

1. Nf3 d5 2. c4 c6 3. cxd5 cxd5 4. d4 Nf6 5. Nc3 Nc6 6. Bf4 a6 7. Rc1 Bf5 8. e3 e6 9. Qb3 Bd6 10. Bxd6 Qxd6 11. Be2 0-0 12. Na4 Rab8 13. 0-0 Nd7 14. Nc5 Nxc5 15. Rxc5 Rfc8 16. Qb6 Bg4 17. Rfc1 Bxf3 18. Bxf3 Qd8 19. Qxd8+ Rxd8 20. Be2 Ne7 21. b4 Kf8 22. Kf1 Ke8 23. Ke1 Rdc8 24. Kd2 Kd8 25. Bd3 h6 26. f3 Rxc5 27. dxc5 Kd7 28. f4 Rc8 29. a3 f6 30. Be2 g6 31. Bd3 g5 32. Rf1 f5 33. h3 Rf8 34. g4 fxg4 35. hxg4 Rf6 36. Kc3 gxf4 37. Rxf4 Rxf4 38. exf4 Ke8 39. a4 Kd7 40. b5 axb5 41. axb5 Ng8 42. Kd4 Ke7 43. g5 1-0